[Event "Morava-ch U16"]
[Site "Loucna nad Desnou"]
[Date "2017.10.28"]
[Round "8"]
[White "Demko, Robert"]
[Black "Vraj, Ondrej"]
[Result "1-0"]
[WhiteElo "1751"]
[BlackElo "1938"]
[PlyCount "97"]
[EventDate "2017.10.24"]
[EventType "swiss"]
[EventRounds "9"]
[EventCountry "CZE"]
[SourceTitle "EXT 2020"]
[Source "ChessBase"]
[SourceDate "2019.10.17"]
[SourceVersion "1"]
[SourceVersionDate "2019.10.17"]
[SourceQuality "1"]

1. d4 d5 2. c4 e6 3. Nc3 Nf6 4. cxd5 exd5 5. Bg5 Be7 6. e3 0-0 7. Bd3 Nbd7 8. Nge2 b6 9. 0-0 Bb7 10. Qc2 Ne4 11. Bxe7 Qxe7 12. Nxe4 dxe4 13. Bc4 Kh8 14. a4 f5 15. a5 Rf6 16. a6 Bc8 17. Bd5 c6 18. Bxc6 Rb8 19. Nf4 Rh6 20. Bb7 Bxb7 21. axb7 Rxb7 22. Qc8+ Nf8 23. Qxf5 Rf6 24. Qg4 Rd6 25. Rfc1 Rc7 26. Rxc7 Qxc7 27. Qf5 Rf6 28. Qxe4 Rc6 29. g3 a5 30. Nd5 Qd8 31. Nc3 Qc8 32. d5 Rd6 33. Qe7 Rd7 34. Qe5 Ng6 35. Qe6 Qd8 36. Rd1 Re7 37. Qf5 Re5 38. Qd3 Re7 39. f4 Nf8 40. e4 Nd7 41. e5 Nc5 42. Qf5 Re8 43. d6 g6 44. Qf7 Ne6 45. Nd5 Ng7 46. Nf6 Rf8 47. Qe7 Qc8 48. d7 Qd8 49. Qxf8+ 1-0

[Event "Vsetin op"]
[Site "Vsetin"]
[Date "2017.07.07"]
[Round "8"]
[White "Vraj, Ondrej"]
[Black "Babula, Milan"]
[Result "0-1"]
[WhiteElo "1816"]
[BlackElo "2244"]
[PlyCount "78"]
[EventDate "2017.07.01"]
[EventType "swiss"]
[EventRounds "9"]
[EventCountry "CZE"]
[SourceTitle "CBM 179 Extra"]
[Source "ChessBase"]
[SourceDate "2017.08.23"]
[SourceVersion "1"]
[SourceVersionDate "2017.08.23"]
[SourceQuality "1"]

1. e4 e6 2. Nc3 d5 3. g3 d4 4. Nce2 c5 5. d3 Nc6 6. Bg2 e5 7. f4 Bd6 8. Nf3 Nge7 9. 0-0 Qc7 10. f5 Bd7 11. Bd2 f6 12. a3 a5 13. c3 a4 14. b3 Qb6 15. cxd4 axb3 16. Rb1 Nxd4 17. Nfxd4 cxd4 18. Rxb3 Qa6 19. Qb1 b5 20. Qa2 Nc6 21. Bf3 Ke7 22. Ra1 b4 23. g4 h6 24. h4 bxa3 25. Ng3 Rhb8 26. Rab1 Rxb3 27. Rxb3 Be8 28. Nh5 Bf7 29. Nxg7 Rb8 30. Bd1 Nd8 31. g5 hxg5 32. hxg5 Bxb3 33. Bxb3 Rxb3 34. gxf6+ Kd7 35. f7 Qxd3 36. Be1 Rb1 37. f8N+ Kc8 38. Qf2 Qxe4 39. f6 Rxe1+ 0-1

[Event "Vsetin op"]
[Site "Vsetin"]
[Date "2017.07.05"]
[Round "6"]
[White "Koutny, Petr"]
[Black "Vraj, Ondrej"]
[Result "1-0"]
[WhiteElo "2189"]
[BlackElo "1816"]
[PlyCount "45"]
[EventDate "2017.07.01"]
[EventType "swiss"]
[EventRounds "9"]
[EventCountry "CZE"]
[SourceTitle "CBM 179 Extra"]
[Source "ChessBase"]
[SourceDate "2017.08.23"]
[SourceVersion "1"]
[SourceVersionDate "2017.08.23"]
[SourceQuality "1"]

1. e4 d5 2. exd5 Qxd5 3. Nc3 Qa5 4. d4 c6 5. Bc4 Nf6 6. Bd2 Qc7 7. Qe2 Bf5 8. 0-0-0 e6 9. Nf3 Nbd7 10. Ne5 Nb6 11. Bb3 0-0-0 12. g4 Bg6 13. h4 Rxd4 14. h5 Be4 15. Bf4 Bd6 16. Rxd4 Bxe5 17. Bxe5 Qxe5 18. Rxe4 Nxe4 19. Qxe4 Qg5+ 20. Kb1 Nd7 21. Rd1 Nf6 22. Qd4 Kb8 23. f3 1-0

[Event "Vsetin op"]
[Site "Vsetin"]
[Date "2017.07.01"]
[Round "1"]
[White "Vraj, Ondrej"]
[Black "Dzikowski, Michal"]
[Result "1/2-1/2"]
[WhiteElo "1816"]
[BlackElo "2147"]
[PlyCount "145"]
[EventDate "2017.07.01"]
[EventType "swiss"]
[EventRounds "9"]
[EventCountry "CZE"]
[SourceTitle "CBM 179 Extra"]
[Source "ChessBase"]
[SourceDate "2017.08.23"]
[SourceVersion "1"]
[SourceVersionDate "2017.08.23"]
[SourceQuality "1"]

1. e4 c6 2. d4 d5 3. exd5 cxd5 4. Bd3 Nc6 5. c3 Nf6 6. h3 g6 7. Nf3 Bf5 8. 0-0 Bxd3 9. Qxd3 Bg7 10. Bf4 0-0 11. Re1 Ne4 12. Nbd2 Nd6 13. Ne5 e6 14. Nxc6 bxc6 15. Qa6 Qd7 16. Nb3 Qb7 17. Nc5 Qxa6 18. Nxa6 Nc4 19. b3 Nb6 20. Nc5 Rfe8 21. Bd6 Nc8 22. Bg3 a5 23. Nd7 Ra7 24. Ne5 Ne7 25. Bh2 Rc8 26. Nd3 Nf5 27. Rac1 Bf8 28. Be5 Nd6 29. f3 Ne8 30. g4 g5 31. Bg3 Ng7 32. Be5 Ne8 33. Bg3 Ng7 34. Be5 Be7 35. Bg3 f6 36. f4 h6 37. fxg5 hxg5 38. Kg2 Kf7 39. Rf1 Kg6 40. Rce1 Rb7 41. h4 gxh4 42. Bxh4 Rh8 43. Rh1 Bd6 44. Bg3 Bxg3 45. Kxg3 Rbb8 46. Rxh8 Rxh8 47. Nf4+ Kf7 48. Nd3 Ne8 49. b4 Nd6 50. Nc5 Ra8 51. a3 axb4 52. axb4 Ra3 53. Re3 Ra8 54. Kf4 Re8 55. Re2 Nb5 56. Re3 Nd6 57. Re2 Nc4 58. Nd3 Rh8 59. Nc5 e5+ 60. dxe5 fxe5+ 61. Rxe5 Nxe5 62. Kxe5 Ke7 63. b5 cxb5 64. Kxd5 Rc8 65. Ne4 Rc7 66. g5 Rc4 67. Ke5 b4 68. cxb4 Rxb4 69. Kf5 Kf7 70. g6+ Kg7 71. Nd6 Rb6 72. Ne8+ Kf8 73. Nc7 1/2-1/2

[Event "Kouty nad Desnou op-B"]
[Site "Kouty nad Desnou"]
[Date "2017.03.17"]
[Round "8"]
[White "Vraj, Ondrej"]
[Black "Svanda, Adam"]
[Result "1-0"]
[WhiteElo "1875"]
[BlackElo "1678"]
[PlyCount "49"]
[EventDate "2017.03.11"]
[EventType "swiss"]
[EventRounds "9"]
[EventCountry "CZE"]
[SourceTitle "CBM 177 Extra"]
[Source "ChessBase"]
[SourceDate "2017.04.27"]
[SourceVersion "1"]
[SourceVersionDate "2017.04.27"]
[SourceQuality "1"]

1. e4 d5 2. exd5 Qxd5 3. Nc3 Qa5 4. d4 Nf6 5. Bd2 c6 6. Bc4 Bf5 7. Nf3 e6 8. Ne5 Qd8 9. Bf4 Bd6 10. f3 Nd5 11. Bxd5 cxd5 12. g4 Bg6 13. h4 Bxe5 14. Bxe5 f6 15. Bg3 Qb6 16. Qe2 a6 17. Nxd5 Qa5+ 18. Nc3 Bf7 19. Qc4 0-0 20. Bc7 Rc8 21. Bxa5 Rxc4 22. 0-0-0 b5 23. d5 exd5 24. Nxd5 Nc6 25. Nb6 1-0

[Event "CZE-chT U18 Extraliga Ost 1617"]
[Site "Czech Republic"]
[Date "2016.10.02"]
[Round "4.4"]
[White "Vraj, Ondrej"]
[Black "Ludvik, Tomas"]
[Result "1-0"]
[WhiteElo "1955"]
[BlackElo "1952"]
[PlyCount "115"]
[EventDate "2016.10.01"]
[EventType "team-tourn"]
[EventRounds "11"]
[EventCountry "CZE"]
[SourceTitle "EXT 2022"]
[Source "ChessBase"]
[SourceDate "2021.10.06"]
[SourceVersion "1"]
[SourceVersionDate "2021.10.06"]
[SourceQuality "1"]
[WhiteTeam "Hostalkova U18"]
[BlackTeam "Polabiny U18"]
[WhiteTeamCountry "CZE"]
[BlackTeamCountry "CZE"]

1. g3 Nf6 2. Bg2 g6 3. c4 Bg7 4. Nc3 0-0 5. Nf3 d6 6. 0-0 e5 7. d3 Nbd7 8. b3 a5 9. Bb2 Re8 10. Qc2 c6 11. Nd2 Qc7 12. Rac1 Nc5 13. Rfd1 h6 14. Nf3 Bd7 15. e3 Rad8 16. Qe2 Kh7 17. h3 Bc8 18. Kh2 Nfd7 19. Qc2 Nf6 20. Nd2 Re7 21. Nde4 Nfxe4 22. dxe4 Be6 23. Rd2 Red7 24. Rcd1 Na6 25. Ba3 Nb4 26. Bxb4 axb4 27. Na4 b6 28. Rd3 h5 29. Qd2 c5 30. h4 Qb8 31. Bh3 Qb7 32. Bxe6 fxe6 33. f3 Qc6 34. Qc2 b5 35. cxb5 Qxb5 36. Qc4 Qxc4 37. bxc4 Ra7 38. Nxc5 Rxa2+ 39. R1d2 Rxd2+ 40. Rxd2 Rc8 41. Nxe6 Bh6 42. Rxd6 Bxe3 43. Rd7+ Kh6 44. Rb7 Re8 45. Ng5 Bxg5 46. hxg5+ Kxg5 47. Rxb4 Rc8 48. Rb5 Rxc4 49. Rxe5+ Kf6 50. Rd5 Ke6 51. Rd2 Ra4 52. Re2 Ra3 53. f4 Rf3 54. Kh3 Ra3 55. e5 Ra6 56. Rd2 Rb6 57. Kh4 Ra6 58. Rd6+ 1-0

[Event "Kouty nad Desnou op-B"]
[Site "Kouty nad Desnou"]
[Date "2015.03.14"]
[Round "9"]
[White "Kocandova, Martina"]
[Black "Vraj, Ondrej"]
[Result "1-0"]
[WhiteElo "1775"]
[BlackElo "1631"]
[PlyCount "59"]
[EventDate "2015.03.07"]
[EventType "swiss"]
[EventRounds "9"]
[EventCountry "CZE"]
[SourceTitle "EXT 2017"]
[Source "ChessBase"]
[SourceDate "2016.10.25"]
[SourceVersion "1"]
[SourceVersionDate "2016.10.25"]
[SourceQuality "1"]

1. Nf3 d5 2. d4 Nf6 3. c4 e6 4. Nc3 Be7 5. Bg5 0-0 6. e3 b6 7. Bd3 Nbd7 8. cxd5 exd5 9. Rc1 Bb7 10. 0-0 c5 11. Bb1 cxd4 12. exd4 Ne4 13. Bxe7 Qxe7 14. Re1 f5 15. Qb3 Ndf6 16. Ng5 Kh8 17. f3 Nd7 18. Nh3 Qf6 19. fxe4 fxe4 20. Ne2 Qd6 21. Qg3 Qe7 22. Rc7 Ba6 23. Nef4 Qf7 24. Qg4 Rad8 25. g3 Rfe8 26. Ng5 Qf6 27. Rxd7 Qxd4+ 28. Kh1 Qf2 29. Ng6+ Kg8 30. Qe6+ 1-0

[Event "Kouty nad Desnou op-B"]
[Site "Kouty nad Desnou"]
[Date "2015.03.07"]
[Round "1"]
[White "Solc, Roman"]
[Black "Vraj, Ondrej"]
[Result "0-1"]
[WhiteElo "1371"]
[BlackElo "1631"]
[PlyCount "100"]
[EventDate "2015.03.07"]
[EventType "swiss"]
[EventRounds "9"]
[EventCountry "CZE"]
[SourceTitle "EXT 2017"]
[Source "ChessBase"]
[SourceDate "2016.10.25"]
[SourceVersion "1"]
[SourceVersionDate "2016.10.25"]
[SourceQuality "1"]

1. Nf3 d5 2. g3 Nf6 3. d3 e6 4. Bg2 Be7 5. 0-0 0-0 6. Nbd2 b6 7. Qe1 Bb7 8. e4 dxe4 9. dxe4 c5 10. b3 Nc6 11. Qe2 Qc7 12. Bb2 e5 13. Ne1 Nd4 14. Bxd4 exd4 15. Rc1 Rad8 16. a4 Rfe8 17. Nd3 Bd6 18. f4 Nd5 19. Nc4 Nc3 20. Qg4 Bxe4 21. Nxd6 Qxd6 22. Ne5 Bxg2 23. Kxg2 Nd5 24. Nc4 Ne3+ 25. Nxe3 Rxe3 26. Rce1 Rde8 27. Rxe3 dxe3 28. Qe2 Qd2 29. Re1 Re6 30. Kf1 Qd5 31. Kg1 Kf8 32. Rd1 Qe4 33. Rd3 g6 34. Rd1 Kg7 35. Rd3 a6 36. Rd1 b5 37. axb5 axb5 38. Rd3 c4 39. bxc4 bxc4 40. Rd1 Ra6 41. Rf1 Ra3 42. f5 Ra6 43. Rf4 Ra1+ 44. Rf1 Rxf1+ 45. Qxf1 Qxc2 46. f6+ Kg8 47. Qf3 Qb1+ 48. Kg2 Qa2+ 49. Kh3 c3 50. Qc6 Qe6+ 0-1